Trust in Transactions (Record no. 176510)

MARC details
000 -LEADER
fixed length control field 00693nam a22001937a 4500
005 - DATE AND TIME OF LATEST TRANSACTION
control field 20210104163528.0
010 ## - LCCN (DPL NO)
LC control number ENG-128731
020 ## - INTERNATIONAL STANDARD BOOK NUMBER
International Standard Book Number 978-81-5287-625-9
Terms of availability 1075.00
035 ## - SYSTEM CONTROL NUMBER
System control number EN-112263
037 ## - SOURCE OF ACQUISITION
Source of stock number/acquisition DBAD/PUB
082 ## - DEWEY DECIMAL CLASSIFICATION NUMBER
Classification number 338.850954
245 ## - TITLE STATEMENT
Title Trust in Transactions
Remainder of title Edited by Prasanta Ray and Rukmini Sen
260 ## - PUBLICATION, DISTRIBUTION, ETC. (IMPRINT)
Place of publication, distribution, etc Telangana
Name of publisher, distributor, etc Orient Blackswan Private Limited
Date of publication, distribution, etc 2019
270 ## - ADDRESS
City Telangana
Postal code 500029
Address 3-6-752, Himayatnagar, Hyderabad
Electronic mail address info@orientblackswan.com
300 ## - PHYSICAL DESCRIPTION
Extent xxxvii+308p.
Dimensions 23cm(hbk)
Other physical details Inclusing bibliographical references and index.
700 ## - ADDED ENTRY--PERSONAL NAME
Personal name Ray, Prasanta, Ed.
700 ## - ADDED ENTRY--PERSONAL NAME
Personal name Sen, Rukmini, Ed.
942 ## - ADDED ENTRY ELEMENTS (KOHA)
Source of classification or shelving scheme Dewey Decimal Classification
Item type English Books
Classification part 338.850954
Call number suffix TRU
Holdings
Withdrawn status Lost status Not for loan Collection code Home library Current library Date acquired Source of acquisition Cost, normal purchase price Full call number Barcode Copy number Cost, replacement price Koha item type
      Non-fiction Central Library Central Library 04/01/2021 DBAD/PUB 1075.00 338.850954 TRU EN-112263 1 1075.00 English Books

© Delhi Public Library
Hit Counter
free hit counter